Dead heads

Spremljeno u:
Bibliografski detalji
Glavni autor: Hill, Reginald
Format: Knjiga
Jezik:Undetermined
Izdano: Oxford Oxford Univ. Press 2003
Teme:
Oznake: Dodaj oznaku
Bez oznaka, Budi prvi tko označuje ovaj zapis!
Thư viện lưu trữ: Trung tâm Học liệu Trường Đại học Cần Thơ
LEADER 00521nam a2200205Ia 4500
001 CTU_65273
008 210402s9999 xx 000 0 und d
020 |b 34000 
082 |a 823.9 
082 |b H648 
100 |a Hill, Reginald 
245 0 |a Dead heads 
245 0 |c Reginald Hill 
260 |a Oxford 
260 |b Oxford Univ. Press 
260 |c 2003 
650 |a English literature 
650 |y 20th century 
904 |i Minh,Qhieu đã sửa 
980 |a Trung tâm Học liệu Trường Đại học Cần Thơ